Statistics for Most populous world cities by decade

Click here to take the quiz!

General Stats

  • This quiz has been taken 60 times
  • The average score is 186 of 200

Answer Stats

CountryCity% Correct
ArgentinaBuenos Aires
100%
EgyptCairo
100%
USAChicago
100%
IndiaDelhi
100%
UKLondon
100%
USALos Angeles
100%
MexicoMexico City
100%
Russia | USSRMoscow
100%
USANew York
100%
USANew York City
100%
FranceParis
100%
BrazilRio de Janeiro
100%
BrazilSao Paulo
100%
ChinaShanghai
100%
JapanTokyo
100%
TurkeyIstanbul
98%
IndiaMumbai
98%
ChinaBeijing
96%
NigeriaLagos
96%
USSRSaint Petersburg
96%
South KoreaSeoul
96%
JapanOsaka
94%
BangladeshDhaka
92%
IndonesiaJakarta
92%
PhillipinesManila
92%
USABoston
89%
ChinaGuangzhou
89%
PakistanKarachi
89%
DR CongoKinshasa
89%
USAPhiladelphia
89%
India | PakistanKolkata
87%
PakistanLahore
85%
IranTehran
81%
JapanNagoya
79%
IndiaBangalore
75%
UKManchester
75%
USADetroit
74%
UKBirmingham
70%
ChinaChongqing
70%
BrazilRio de Janeiro
66%
ChinaTianjin
66%
ChinaShenzhen
64%
JapanFukuoka
42%
ChinaShenyang
25%

Score Distribution

Percentile by Number Answered

Percent of People with Each Score

Your Score History

You have not taken this quiz